América Latina: época colonial
שמור ב:
| מחבר ראשי: | |
|---|---|
| פורמט: | ספר |
| שפה: | ספרדית |
| יצא לאור: |
Madrid
Grupo Anaya S. A
2012
|
| מהדורה: | 9a. ed |
| סדרה: | Biblioteca Básica de Historia
|
| נושאים: | |
| תגים: |
הוספת תג
אין תגיות, היה/י הראשונ/ה לתייג את הרשומה!
|
MARC
| LEADER | 00000cam a2200000 a 4500 | ||
|---|---|---|---|
| 001 | UCF7616 | ||
| 003 | CL-VaPUC | ||
| 008 | 130627e20121000SP |||||||||||||||||spa|d | ||
| 020 | |a 9788420747828 | ||
| 082 | 0 | 4 | |a 980.013 |b ZAR |2 21 |
| 100 | 0 | |a Zaragoza, Gonzalo |e author |9 569681 | |
| 245 | 1 | 0 | |a América Latina: época colonial |
| 250 | |a 9a. ed | ||
| 300 | |a 95 p | ||
| 942 | |c BK | ||
| 945 | |d 20130627 00:00:00 |a dcastane | ||
| 260 | |a Madrid |b Grupo Anaya S. A |c 2012 | ||
| 650 | 0 | |a Historia de América |9 266076 | |
| 650 | 0 | |a Epoca colonial |9 352022 | |
| 650 | 0 | |a Colonialismo |9 316469 | |
| 650 | 7 | |a COLONIALISMO ESPAÑOL |2 CL-VaPUC |9 569682 | |
| 650 | 7 | |a COLONIALISMO PORTUGUES |2 CL-VaPUC |9 569683 | |
| 583 | |a last modification |c 20130627 13:18:00 |k Rodrigo Vera | ||
| 490 | 0 | |a Biblioteca Básica de Historia | |
| 999 | |c 352424 |d 352422 | ||